Medical quotes : a thematic dictionary /

Bibliographic Details
Other Authors: Daintith, John, Isaacs, Amanda
Format: Book
Language:English
Published: New York, NY : Facts on File, 1989.
Subjects:

MARC

Tag First Indicator Second Indicator Subfields
LEADER 00000cam a22000008a 4500
001 in00000976913
005 20150927113137.0
008 890427s1989 nyu 00100 eng
010 |a  89011634  
020 |a 0816020949 
035 |a (OCoLC)19723570 
035 |9 AEW5916AM 
040 |a DLC  |c DLC  |d VET  |d UtOrBLW 
049 |a TXAM 
050 0 0 |a R705  |b .M44 1989 
082 0 |a 610  |2 20 
096 |a WZ 309 M489 1989 
245 0 0 |a Medical quotes :  |b a thematic dictionary /  |c edited by John Daintith and Amanda Isaacs. 
263 |a 8905 
264 1 |a New York, NY :  |b Facts on File,  |c 1989. 
300 |a 260 pages  
336 |a text  |b txt  |2 rdacontent 
337 |a unmediated  |b n  |2 rdamedia 
338 |a volume  |b nc  |2 rdacarrier 
500 |a Includes index. 
650 0 |a Medicine  |v Quotations, maxims, etc. 
650 0 |a Health  |x Quotations, maxims, etc. 
650 2 |a Medicine. 
700 1 |a Daintith, John. 
700 1 |a Isaacs, Amanda. 
999 |a MARS 
999 f f |s e83c825c-1915-391d-83d6-bdedfd798734  |i 8b7a0fd6-0781-3c52-80f7-b46fc06cf226  |t 0 
952 f f |p ric  |a Texas A&M University  |b Rellis Campus  |c Joint Library Facility  |d Remote Storage  |t 0  |e R705 .M44 1989  |h Library of Congress classification  |i unmediated -- volume  |m A14813147004 
998 f f |a R705 .M44 1989  |t 0  |l Remote Storage